ბათუმის შოთა რუსთაველის სახელმწიფო უნივერსიტეტის ბიბლიოთეკა

სამკურნალო პედაგოგიური კურსი : (ბიბ.ჩანაწერი № 57264)

000 -ლიდერი
ფიქსირებული სიგრძის საკონტროლო ველი 01505nam a22002657a 4500
003 - საკონტროლო ნომრის იდენტიფიკატორი
საკონტროლო ველი Ge_BSU
005 - ბოლო ოპერაციის თარიღი და დრო
საკონტროლო ველი 20200214105319.0
008 - ფიქსირებული სიგრძის მონაცემთა ელემენტები - ზოგადი ინფორმაცია
ფიქსირებული სიგრძის საკონტროლო ველი 200130s2006 ge ||||| |||| 00| 0 geo d
020 ## - წიგნის საერთაშორისო სტანდარტული ნომერი
International Standard Book Number 9992887761
041 ## - ენის კოდი
Language code of text/sound track or separate title geo
080 ## - უნივერსალური ათობითი კლასიფიკაციის ინდექსი
Universal Decimal Classification number 615.2 შ-88
100 ## - მთავარი ჩანაწერი - პიროვნების სახელი
Personal name შტაინერი, რუდოლფ
9 (RLIN) 3841
245 ## - ცნობა სათაურის შესახებ
Title სამკურნალო პედაგოგიური კურსი :
Remainder of title ექიმებისა და მკურნალი პედაგოგებისთვის : 12 ლექცია წაკითხული დორნახში 1924 წლის 25 ივნისიდან 7 ივლისამდე /
Statement of responsibility, etc რუდოლფ შტაინერი ; [გერმ. თარგმნა მარინა ბულიამ].
264 ## - წარმოების, გამოცემის, დისტრიბუციის და სხვა ცნობები
გამოცემის, წარმოების, დისტრიბუციის... ადგილი თბ;
გამოცემის, წარმოების, დისტრიბუციის... სახელწოდება აწმყო ,
გამოცემის, წარმოების, დისტრიბუციის... თარიღი 2006 .
300 ## - ფიზიკური აღწერა
Extent 221, IXგვ. :
Other physical details ფოტ., ნახ. ;
Dimensions 22 სმ..
490 ## - სერიის ცნობა
Series statement სოციალური თერაპიის სახლი
653 ## - INDEX TERM--UNCONTROLLED
Uncontrolled term ბავშვთა ფსიქიატრია
653 ## - INDEX TERM--UNCONTROLLED
Uncontrolled term ფსიქოლოგიური გამოკვლევები
653 ## - INDEX TERM--UNCONTROLLED
Uncontrolled term ანთროპოსოფია
653 ## - INDEX TERM--UNCONTROLLED
Uncontrolled term ჰიდროცეფალია
653 ## - INDEX TERM--UNCONTROLLED
Uncontrolled term ანემია ბავშვთა ასაკში
653 ## - INDEX TERM--UNCONTROLLED
Uncontrolled term კლეპტომანია
700 ## - ADDED ENTRY--PERSONAL NAME
Personal name ბულია, მარინა
Relator term მთარგმნელი
9 (RLIN) 6513
942 ## - ADDED ENTRY ELEMENTS (KOHA)
Source of classification or shelving scheme
Koha item type წიგნი
ეგზემპლარები
ჩამოწერის სტატუსი დაკარგული ეგზემპლარის სტატუსი კლასიფიკაციის წყარო ან თაროზე გაწყობის სქემა დაზიანების სტატუსი არ გაიცემა მუდმივი მდებარეობა (დაცვის ადგილი) ამჟამინდელი ადგილსამყოფელი თაროზე განთავსების ადგილი შეძენის თარიღი ღირებულება, შესყიდვის ნორმალური ფასი სრული შენახვის შიფრი შტრიხკოდი ბოლო ოპერაციის თარიღი ეგზემპლარის მიმდევრობითი ნომერი (კეტერი?) ფასის ძალაში შესვლის თარიღი ეგზემპლარის სახეობა საჯარო შენიშვნა
          ბათუმის შოთა რუსთაველის სახელმწიფო უნივერსიტეტის მთავარი ბიბლიოთეკა ბათუმის შოთა რუსთაველის სახელმწიფო უნივერსიტეტის მთავარი ბიბლიოთეკა წიგნსაცავი 2020-01-30 20.00 615.2 შ-88 419 2020-01-30 419 2020-01-30 წიგნი 20 ლ.